000 00347nam a2200145Ia 4500
008 150201s2009 xx 000 0 und d
082 _a610
_bO09O
100 _aOLIVER, SUSAN M.
245 _aOXFORD HB. OF MUSCULOSKELETAL NURSING
250 _a1ST
260 _bOXFORD
_aNEW YORK
_c2009
300 _a572
650 _aMEDICINE
942 _2ddc
_cBK
999 _c2248
_d2248